| Tag |
First Indicator |
Second Indicator |
Subfields |
| LEADER |
00000cam a2200000 4500 |
| 001 |
in00000052970 |
| 005 |
20151007080349.0 |
| 008 |
711220s1951 eng u |
| 010 |
|
|
|a 51012311
|
| 035 |
|
|
|a (OCoLC)00185347
|
| 035 |
|
|
|9 AAF4688AM
|
| 040 |
|
|
|c OUN
|d TXA
|d UtOrBLW
|
| 049 |
|
|
|a TXAM
|c [365693]
|
| 050 |
|
0 |
|a B821
|b .L32
|
| 092 |
|
|
|a 144
|b L234i
|
| 100 |
1 |
|
|a Lamont, Corliss,
|d 1902-1995.
|
| 245 |
1 |
4 |
|a The independent mind ;
|b essays of a humanist philosopher.
|
| 264 |
|
1 |
|a New York :
|b Horizon Press,
|c 1951.
|
| 300 |
|
|
|a 187 pages ;
|c 21 cm.
|
| 336 |
|
|
|a text
|b txt
|2 rdacontent
|
| 337 |
|
|
|a unmediated
|b n
|2 rdamedia
|
| 338 |
|
|
|a volume
|b nc
|2 rdacarrier
|
| 650 |
|
0 |
|a Humanism.
|
| 999 |
|
|
|a MARS
|
| 999 |
f |
f |
|s e35ce68c-ee6e-3b16-9ded-e4c91b341d43
|i 68107d20-56d9-3e3a-9950-4e0fcefe824c
|t 0
|
| 952 |
f |
f |
|p ric
|a Texas A&M University
|b Rellis Campus
|c Joint Library Facility
|d Remote Storage
|t 0
|e B821 .L32
|h Library of Congress classification
|i unmediated -- volume
|m A14800518636
|
| 998 |
f |
f |
|a B821 .L32
|t 0
|l Remote Storage
|